Veress Miklós A Mozgó Filmje. 3.

Elmentve itt :
Bibliográfiai részletek
Dokumentumtípus: Cikk
Megjelent: 1993-10-27
Sorozat:Pesti Hírlap
Kulcsszavak:Egyetemtörténet
Online Access:http://univ.bibl.u-szeged.hu/27926
LEADER 00433nab a2200157 i 4500
001 univ27926
005 20171214104906.0
008 171214s1993 hu o 0|| zxx d
040 |a SZTE UnivHistória Repozitórium  |b hun 
041 |a zxx 
245 0 0 |a Veress Miklós  |h [elektronikus dokumentum] :  |b A Mozgó Filmje. 3. 
260 |c 1993-10-27 
300 |a 13 
490 0 |a Pesti Hírlap 
561 |a Egyetemi hirarchívum 
695 |a Egyetemtörténet